| 000 | 00993nac a22002531u 4500 | ||
|---|---|---|---|
| 010 | _a 95034362 | ||
| 020 | _a0824796705 (alk. paper) | ||
| 082 | 0 | 0 |
_a658.155 _bH9271 |
| 090 |
_c3824 _d3824 |
||
| 100 | _aHumphreys, Kenneth Kin | ||
| 245 | 1 | 0 |
_aBasic cost engineering / _cKenneth K. Humphreys, Paul Wellman. |
| 250 | _a3rd ed., rev. and expanded. | ||
| 260 |
_aNew York : _bM. Dekker,1996 _cc1996. |
||
| 300 |
_axiii, 337 p. : _bill. ; _c24 cm. |
||
| 490 | 1 |
_aCost engineering ; _v25 |
|
| 504 | _aIncludes bibliographical references (p. 319-329) and index. | ||
| 650 | 0 | _aEngineering economy. | |
| 650 | 0 | _aCosts, Industrial. | |
| 700 | 1 | _aWellman, Paul. | |
| 830 | 0 | _aCost engineering (Marcel Dekker, Inc.) ; | |
| 856 | 4 | 2 |
_3Publisher description _uhttp://www.loc.gov/catdir/enhancements/fy0647/95034362-d.html |
| 942 |
_cBB _k658.155H9271 |
||
| 999 |
_c3824 _d3824 |
||